| 000 | 00650cam a2200193 a 4500 | ||
|---|---|---|---|
| 020 | _a9251040516 (v. 1) | ||
| 040 | _cANS | ||
| 082 | 0 | 0 | _a578 FOO 1998 A062 Or. |
| 245 | 0 | 4 | _aThe living marine resources of the Western Central Pacific / |
| 260 |
_aRome : _bFood and Agriculture Organization of the United Nations, _c1998- |
||
| 300 |
_av. <1-4 > : _bill., maps ; _c25 cm. |
||
| 650 | 0 | _aMarine organisms | |
| 700 | 1 | _aCarpenter, Kent E. | |
| 700 | 1 | _aNiem, Volker H. | |
| 710 | 2 | _aNorsk utviklingshjelp. | |
| 710 | 2 | _aSouth Pacific Forum Fisheries Agency. | |
| 710 | 2 | _aFood and Agriculture Organization of the United Nations. | |
| 942 | _cEK | ||
| 999 |
_c15661 _d15661 |
||